Legitimidad democrática y valor del voto en Salta (Registro nro. 638)

Detalles MARC
000 -LEADER
fixed length control field 01719 a2200217 4500
001 - CONTROL NUMBER
control field 15190
005 - DATE AND TIME OF LATEST TRANSACTION
control field 20260407155449.0
008 - FIXED-LENGTH DATA ELEMENTS--GENERAL INFORMATION
fixed length control field 260407a2012 arg spa d
003 - CONTROL NUMBER IDENTIFIER
control field AR-UNSa-BCEJYS
040 ## - CATALOGING SOURCE
Original cataloging agency AR-UNSa-BCEJYS
Language of cataloging spa
Transcribing agency AR-UNSa-BCEJYS
080 ## - UNIVERSAL DECIMAL CLASSIFICATION NUMBER
Universal Decimal Classification number 342(09)
Common auxiliary subdivision Historia Constitucional
020 ## - INTERNATIONAL STANDARD BOOK NUMBER
International Standard Book Number 978-987-1618-00-0
100 1# - MAIN ENTRY--PERSONAL NAME
Personal name Gómez Diez, Ricardo
245 10 - TITLE STATEMENT
Title Legitimidad democrática y valor del voto en Salta
264 #1 - PRODUCTION, PUBLICATION, DISTRIBUTION, MANUFACTURE, AND COPYRIGHT NOTICE
Place of production, publication, distribution, manufacture Salta :
Name of producer, publisher, distributor, manufacturer Mundo Gráfico Salta
Date of production, publication, distribution, manufacture, or copyright notice 2012
300 ## - PHYSICAL DESCRIPTION
Extent 94 p.
Dimensions 20 cm.
505 ## - FORMATTED CONTENTS NOTE
Formatted contents note 1. Prólogo - 2. Introducción - 3. Planteo del tema - 4. Origen histórico de los departamentos en Salta - 5. El sistema electoral de representación proporcional - 6. Las elecciones de 1983 con las reglas de la Constitución de 1929 - 7. La convención constituyente de 1986 - 8. La reforma constitucional de 1998 - 9. La enmienda constitucional del año 2003 - 10. La elección de convencionales constituyentes del año 2003 - 11. Consideraciones sobre un sistema que fabrica dos tercios de representación sin contar con esa cantidad de sufragios - 12. Algunos datos que demuestran como el sistema de representación vigente distorsiona la realidad demográfica de la Provincia de Salta - 13. ¿Es posible encontrar una solución que elimine las distorsiones y legitime la representación sin modificar el texto constitucional? - 14. Otros caminos posibles - 15. "Una persona, un voto de igual representatividad" en la jurisprudencia de la Suprema Corte de Justicia de Estados Unidos
590 ## - LOCAL NOTE (RLIN)
Local note niveau_biblio:m niveau_hierar:0
856 41 - ELECTRONIC LOCATION AND ACCESS
Uniform Resource Identifier <a href="https://biblioeco.unsa.edu.ar/pmb/images/libros/Legitimidad Democr?tica y Valor del Voto en Salta.jpg">https://biblioeco.unsa.edu.ar/pmb/images/libros/Legitimidad Democr?tica y Valor del Voto en Salta.jpg</a>
Link text Imagen de portada
Electronic format type image/jpeg
942 ## - ADDED ENTRY ELEMENTS (KOHA)
Koha item type
Existencias
Withdrawn status Lost status Damaged status Not for loan Home library Current library Shelving location Date acquired Total checkouts Full call number Barcode Date last seen Price effective from Koha item type
        Biblioteca Prof. Eusebio Cleto del Rey Biblioteca Prof. Eusebio Cleto del Rey   07/04/2026   342(09) G633 L119019 07/04/2026 07/04/2026 Libro
        Biblioteca Prof. Eusebio Cleto del Rey Biblioteca Prof. Eusebio Cleto del Rey   07/04/2026   342(09) G633 L119020 07/04/2026 07/04/2026 Libro